| 000 | 01258nam a2200253Ia 4500 | ||
|---|---|---|---|
| 003 | Ost | ||
| 005 | 20260507075200.0 | ||
| 008 | 260507s9999||||xx |||||||||||||| ||und|| | ||
| 020 | _a7025169957 | ||
| 040 | _cfsecg | ||
| 041 | _aara | ||
| 082 | _a330 | ||
| 100 |
_aموسى، طالب حسن _eمؤلف |
||
| 245 | 0 |
_aقانون التجارة الدولية / _c طالب حسن موسى |
|
| 250 | _aطبعة 7 | ||
| 260 |
_aعمان: _bدار الثقافة, _c2010 |
||
| 300 |
_a448 صفحة؛ _c24 سم |
||
| 504 | _aمراجع ص.275 ؛ ملاحق ص.282 | ||
| 520 | _aخصائص قانون التجارة الدولية و توحيد هذا القانون المبادئ العامة التي تقوم عليها اتفاقية الأمم المتحدة بشأن البيع الدولي للبضائع و نطاق تطبيق هذه الاتفاقية ( اتفاقية فيينا ) و تكوين عقد البع الدولي ، التعريف بالتحكيم التجاري الدولي ، المحكم و اجراءات تعيينه و تنفيذ القرار التحكيمي . | ||
| 653 | _aالتجارة الخارجية | ||
| 653 | _aالعلاقات الخارجية | ||
| 653 | _aالقانون الدولي | ||
| 942 | _cكتاب | ||
| 999 |
_c43393 _d43393 |
||